[Event "Tortosa op"]
[Site "Tortosa"]
[Date "1996.07.09"]
[Round "5"]
[White "Carbonell Valles, Carlos"]
[Black "Mallen Barbera, Ricardo"]
[Result "1-0"]
[WhiteElo "1825"]
[BlackElo "1890"]
[PlyCount "55"]
[EventDate "1996.07.05"]
[EventType "swiss"]
[EventRounds "9"]
[EventCountry "ESP"]
[SourceTitle "EXT 2003"]
[Source "ChessBase"]
[SourceDate "2002.11.25"]
[SourceVersion "1"]
[SourceVersionDate "2002.11.25"]
[SourceQuality "1"]

1. g3 e5 2. e4 Nc6 3. Nf3 d6 4. c3 a6 5. Qb3 Be7 6. d4 Nh6 7. Bxh6 gxh6 8. Bc4 Rf8 9. d5 Na7 10. 0-0 f5 11. Bd3 b6 12. Nbd2 Bg5 13. Qc2 f4 14. h4 Be7 15. Nh2 Rg8 16. Ndf3 Bxh4 17. Kh1 fxg3 18. fxg3 Rxg3 19. Qf2 Bg4 20. Nxh4 Bf3+ 21. N4xf3 Rg6 22. Nh4 Qe7 23. Nxg6 hxg6 24. Qg2 g5 25. Ng4 Kd7 26. Qh3 Kd8 27. Nxh6 Qg7 28. Rf7 1-0

[Event "Tortosa op"]
[Site "Tortosa"]
[Date "1996.07.06"]
[Round "2"]
[White "Ferre Fornos, Joan"]
[Black "Mallen Barbera, Ricardo"]
[Result "1-0"]
[WhiteElo "2025"]
[BlackElo "1890"]
[PlyCount "79"]
[EventDate "1996.07.05"]
[EventType "swiss"]
[EventRounds "9"]
[EventCountry "ESP"]
[SourceTitle "EXT 2003"]
[Source "ChessBase"]
[SourceDate "2002.11.25"]
[SourceVersion "1"]
[SourceVersionDate "2002.11.25"]
[SourceQuality "1"]

1. e4 e5 2. Nf3 Nc6 3. Bb5 a6 4. Ba4 b5 5. Bb3 Nf6 6. 0-0 Bb7 7. Re1 d6 8. Ng5 d5 9. exd5 Nxd5 10. d4 Be7 11. Qf3 0-0 12. Bxd5 Bxg5 13. Bxg5 Nxd4 14. Bxd8 Nxf3+ 15. Bxf3 Bxf3 16. Bxc7 Bc6 17. Bxe5 Rfe8 18. Nd2 Rad8 19. Nb3 Rd5 20. Bc3 Red8 21. f3 Rg5 22. Kf2 f6 23. Re6 Rc8 24. Rd1 Bd5 25. Rxa6 h5 26. Rd6 Bc4 27. a3 Kh7 28. Rd8 Rc6 29. Na5 Re6 30. Nxc4 bxc4 31. a4 Ra6 32. a5 Rb5 33. R8d6 Rxd6 34. Rxd6 Kg6 35. Rb6 Rd5 36. a6 Rd1 37. a7 Ra1 38. Rb7 h4 39. Bd4 Rd1 40. a8Q 1-0